| 000 | 00310cam a22000977a 4500 | ||
|---|---|---|---|
| 008 | 180718b1954 xxu||||| |||| 00| 0 eng d | ||
| 082 | _aT14x5413 | ||
| 245 | _aDo you sell or supply goods for consumption in Bihar-- if so do you know what you should know? | ||
| 260 |
_aPatna _bGovernment Pres _c1954 |
||
| 300 | _a29p | ||
| 999 |
_c496964 _d496964 |
||